=LDR 00000nam 2200000 4500 =001 INLIS000000000020999 =005 20130612115912 =008 ***********************************Ind** =035 ##$$0010-061300000020999 =041 ##$$a Ind =082 ##$$a 372.357 =090 ##$$a 372.357, Wab i =100 ##$$a Wahyudi =245 ##$$a Ilmu pengetahuan alam untuk sekolah dasar, Wahyudi, Muzahit =260 ##$$a 1994 $b Surakarta =300 ##$$a ...jil, ilus, 1994 =650 ##$$a IPA-Pendidikan dasar =850 ##$$a NBPNMAT